| 000 | 01267nam0a22002771 4500 | ||
|---|---|---|---|
| 001 | rc\2243613 | ||
| 005 | 20260407104717.0 | ||
| 035 | _a(NLR Aleph) 006650896 | ||
| 090 |
_a4793045 _c4793045 |
||
| 100 | _a20110829d1978 |||y0rusy50 ca | ||
| 101 | 0 | _arus | |
| 102 | _aRU | ||
| 105 | _aa z ||||| | ||
| 200 | 1 |
_aВопросы совершенствования работы дизелей на неустановившихся режимах и при высокой форсировке _eСб. науч. тр. _fМ-во высш. и сред. спец. образования РСФСР, Хабар. политехн. ин-т _g[Редкол.: к. т. н., доц. А.Ф. Сорюс (отв. ред.) и др.] |
|
| 210 |
_aХабаровск _cХабар. политехн. ин-т _d1978 |
||
| 215 |
_a203 с. _cил. _d21 |
||
| 320 | _aБиблиогр. в конце трудов | ||
| 702 | 1 |
_aСорюс _bА.Ф. _gАльфредас Феликсо _4340 |
|
| 712 | 0 | 2 |
_aХабаровский политехнический институт _3RU\NLR\AUTH\889935528 _9365970 |
| 801 | 0 |
_aRU _bNLR _gpsbo |
|
| 801 | 1 |
_aRU _bELAR _2rusmarc |
|
| 852 |
_aNLR _j79-3/3303 |
||
| 899 |
_aRuMoRGB _jБ 79-2/300 |
||
| 899 |
_aRuMoRGB _jБ 79-2/301 |
||
| 942 | _cBOOK | ||
| 980 | _aNB | ||